|
|
|
|
| LEADER |
00000nam0a2200000 4500 |
| 001 |
267369 |
| 005 |
20231031223738.0 |
| 020 |
|
|
|a RU
|b 87-18088
|
| 035 |
|
|
|a (RuTPU)RU\TPU\book\290426
|
| 090 |
|
|
|a 267369
|
| 100 |
|
|
|a 20140728d1987 k y0rusy5003 ca
|
| 101 |
0 |
|
|a rus
|
| 102 |
|
|
|a RU
|
| 105 |
|
|
|a a z 001zy
|
| 200 |
1 |
|
|a Сети научных коммуникаций и организация фундаментальных исследований
|f Г. Г. Дюментон
|g Академия наук СССР (АН СССР), Институт истории естествознания и техники (ИИЕТ АН СССР)
|
| 210 |
|
|
|a Москва
|c Наука
|d 1987
|
| 215 |
|
|
|a 103 с.
|e [1] л. ил.
|
| 320 |
|
|
|a Библиогр.: с. 102-103 (88 назв.)
|
| 606 |
1 |
|
|a Научно-исследовательская работа
|2 stltpush
|3 (RuTPU)RU\TPU\subj\45140
|
| 610 |
1 |
|
|a научная коммуникация
|
| 610 |
1 |
|
|a фундаментальные исследования
|
| 610 |
1 |
|
|a организация
|
| 610 |
1 |
|
|a типология
|
| 610 |
1 |
|
|a научные связи
|
| 686 |
|
|
|a Ч215
|2 rubbk
|
| 700 |
|
1 |
|a Дюментон
|b Г. Г.
|g Георгий Георгиевич
|4 070
|
| 712 |
0 |
2 |
|a Академия наук СССР (АН СССР)
|b Институт истории естествознания и техники (ИИЕТ АН СССР)
|c (Москва)
|2 stltpush
|3 (RuTPU)RU\TPU\col\8662
|
| 801 |
|
0 |
|a RU
|b RuMRKP
|c 19950417
|g psbo
|
| 801 |
|
1 |
|a RU
|b 63413507
|c 20140728
|
| 801 |
|
2 |
|a RU
|b 63413507
|c 20160907
|g RCR
|
| 942 |
|
|
|c BK
|